000 00888nam a22003017a 4500
001 BR7700328
003 BR-BrBNA
005 20230928085144.0
007 ta
008 230509b bl.||||| |||| 00| 0 por d
040 _aBR-BrBNA
_bpor
_cBiblioteca Nacional de Agricultura
041 _a(Por)
072 _aF25
_b3820
_b/G514
090 _ 3820 BR7700328
100 1 _aPereira, J.R.
100 1 _aKidman, D.C.
100 1 _aJames, D.W.
110 1 _aCentro de Pesquisa Agropecuaria do Tropico Semi-Arido, Petrolina, PE (Brasil)
245 1 _aAvaliacao do efeito residual do nitrogenio em um vertissolo do sub-medio Sao Francisco [Brasil]
260 3 _aPetrolina, PE (Brasil):
_c1976.
300 _a2 p.
650 _aEFEITO RESIDUAL
650 _aVERTISSOLO
650 _aNITROGENIO
650 _aREGIAO NORDESTE
909 _a202309
_bLucia
_c55
_dLucia Elande
942 _cBK
999 _c23052
_d23052